|
|
แสดงรายละเอียดบรรณานุกรม |
|
|
Brief Record
: Get Marc (ISO 2709)
: E-mail record
: |
| LEADER 00000nama 2200000uu 4500 | |||
| 008 040531s2532 th m m a000 0 tha d | |||
| 041 tha | |||
| 050 WA540.1 .T5 ก471ก | |||
| 100 การประชุมเชิงปฏิบัติการ(2532:ตาก) | |||
| 245 กลยุทธการดำเนินงานสาธารณสุขมูลฐานในแผนพัฒนาการสาธารณสุข 001 | |||
| 260 กรุงเทพฯ กรมอนามัย 2532 | |||
| 300 100 หน้า | |||
| 650 สาธารณสุขมูลฐาน - การบริหาร - การประชุม | |||
| 998 1998-02-25 | |||
| คุณยังไม่ได้ล็อกอิน คุณสามารถมีกิจกรรมร่วมกับเว็บไซต์ได้ แต่ต้องล็อกอินก่อน :: |
|
| สถานะ | |||||||||
| 1. | หนังสือทั่วไป | WA540.1 .T5 ก471ก 2532 | On Shelf ขอยืม | ||||||
| [แสดง 1/1 รายการ] | |||||||||
BibComment |
| คอมเมนท์ทรัพยากรรายการนี้ |
|
|